Stupnicové etudy pro hoboj. 1

Main Author: Smetáček, Václav, 1906-1986
Language: No linguistic content
Published: Praha : Státní nakladatelství krásné literatury, hudby a umění, 1954
Edition: 1. vyd.
Physical Description: 23 s.
Musical Score Musical Score
Saved in:
LEADER 00870ncm a22002292a 4500
001 001125355
003 CZ BrMZK
005 20250218142352.0
007 qu
008 101102s1954 xr |||||||||||||||||zxx d
040 |a BOA001  |b cze 
072 7 |a 788  |x Hudba pro dechové nástroje  |2 Konspekt  |9 9 
100 1 |a Smetáček, Václav,  |d 1906-1986  |7 jk01120036  |4 cmp 
245 1 0 |a Stupnicové etudy pro hoboj.  |n 1  |h [hudebnina] /  |c Václav Smetáček 
250 |a 1. vyd. 
260 |a Praha :  |b Státní nakladatelství krásné literatury, hudby a umění,  |c 1954 
300 |a 23 s. 
910 |a BOA001  |b PK-N-0001.062,1  |b Mus4-0321.828,1 
990 |a MU 
991 |b 201011 
996 6 |b 2619578704  |c Mus4-0321.828,1  |l MZK  |r Sklad / do 1 hodiny  |n 0  |w 001154304  |u 000010  |a 1  |e BOA001  |j MZK50  |s P 
996 7 |b 3119694909  |c PK-N-0001.062,1  |l MZK  |r Sklad / do 1 hodiny  |n 0  |w 001154304  |u 000020  |a 1  |e BOA001  |j MZK50  |s A